Agente secreto [juego] /
Guardado en:
| Formato: | Objeto Físico |
|---|---|
| Publicado: |
Argentina :
Ruibal,
[200?]
|
| Materias: | |
| Etiquetas: |
Agregar Etiqueta
Sin Etiquetas, Sea el primero en etiquetar este registro!
|
| LEADER | 00747nrm a22001575g 4500 | ||
|---|---|---|---|
| 001 | CEM.cems019329 | ||
| 008 | 130507b200?##################0###0#####d | ||
| 005 | 20220830155041.0 | ||
| 003 | CEMS | ||
| 245 | 0 | 0 | |a Agente secreto [juego] / |c Ruibal |
| 260 | |a Argentina : |b Ruibal, |c [200?] | ||
| 300 | |a 1 juego (1 panel plástico con personajes, base plástica, 24 cartas de personajes, 30 billetes de $1000, 48 pernos plásticos) ; en caja 28 x 37 x 6 cm. + manual de instrucciones. | ||
| 500 | |a Para 2 jugadores a partir de 6 años objetivo: ser el primero en descubrir al agente secreto del adversario para cobrar la recompensa de $1000. | ||
| 082 | 0 | 4 | |a J793.7 |
| 653 | |a 1. juegos de intriga y deducción | ||
| 859 | |a CEMS |b BIB. CEMS - Ludoteca |h J793.7 |i R858 |p 216.00 |t Ej.1 | ||
